Formule 1 - Top 10 pilotes ayant couru le plus de Grand Prix - Statistiques

Statistiques générales
  • Ce quiz a été pris 55 fois
  • Le résultat moyen est 6 sur 10
Statistiques - réponses
Nombres de courses Pilotes % Correct
419 courses Fernando Alonso
96%
372 courses Lewis Hamilton
89%
350 courses Kimi Raikkonen
73%
307 courses Michael Schumacher
73%
299 courses Sebastian Vettel
64%
323 courses Rubens Barrichello
42%
281 courses Sergio Perez
42%
306 courses Jenson Button
38%
269 courses Felipe Massa
31%
257 courses Daniel Ricciardo
29%
Aucun quiz correspondant
Distribution des résultats
% des personnes avec chaque résultat
Percentile par nombre de réponses
Votre historique - résultats
Vous n’avez pas pris ce quiz